000
00292nam a2200145Ia 4500
005
20260513122050.0
020
_a
9781316604038
100
_a
Steers
365
_c
£
365
_b
28.00
942
_c
BK
245
_a
Management Across Cultures 3/e
260
_b
CUP
999
_c
32
_d
32